| 000 | 00504nam a2200169 i 4500 | ||
|---|---|---|---|
| 001 | 25958 | ||
| 003 | ES-MaACL | ||
| 005 | 20230906153348.0 | ||
| 007 | t| | ||
| 008 | 030107s1972 sp ||||1| spa d | ||
| 100 | 1 |
_aArtaud, Antonin. _923422 |
|
| 245 | 1 | 0 |
_aHeliogábalo o el anarquista coronado / _cAntonin Artaud ; [traducción: Carlos Manzano]. |
| 260 |
_aMadrid : _bFundamentos, _c[1972] |
||
| 300 |
_a242 p. ; _c19 cm. |
||
| 700 | 1 |
_aManzano, Carlos. _976216 |
|
| 852 |
_aES-MaACL _jC-43595 _bR.81964 |
||
| 999 |
_c25958 _d25958 |
||